00810nam a2200181Ia 4500999001500000020001800015082001900033100002100052245009200073260004600165300001400211504002600225650004100251650003100292650005000323942000700373952024800380 c8983d8983 a9788170546573 a954.2035 BRA-N aSingh, Brahamraj 0aNarayan Dutt Tewari ka Uttar Pradesh evam Uttaranchal ke mukhyamantri ke roop me yogdan aNew DelhibClassic Publishing Housec2013 axxv, 550p aincludes bibliography aChief ministerzIndiazUttar Pradesh aTiwari, Narayan Duttz1925 aPolitics and GovernmentzIndiazUttar Pradesh cBK 00102ddc40708Hindi BooksaNASSDOCbNASSDOCd2017-08-01eGifted by : RPs Divisioni2017-05-26l0o954.2035 BRA-Np49273r2019-04-18 00:00:00w2019-04-18yBKzहिंदी पुस्तकों पर विशेष संग्रह